| 000 | 00856nam0a22002411 4500 | ||
|---|---|---|---|
| 001 | rc\21727 | ||
| 005 | 20250620120532.0 | ||
| 035 | _a(NLR Aleph) 005308889 | ||
| 090 |
_a6365710 _c6365710 |
||
| 100 | _a20021204d1992 |||y0rusy50 ca | ||
| 101 | 0 | _arus | |
| 102 | _aRU | ||
| 105 | _aa ||||||||| | ||
| 200 | 1 |
_aГородецкий судоремонтно-механический завод _eИстория, настоящее, будущее... _e[Фотоальбом _fФото В. Васина _gСост. С. Краличев] |
|
| 210 |
_aМ. _cБ. и. _d1992 |
||
| 215 |
_a24 с. _cил., цв. ил. _d29 |
||
| 702 | 1 |
_aКраличев _bС. _4220 |
|
| 710 | 0 | 2 | _aГородецкий судоремонтно-мех. з-д. |
| 801 | 0 |
_aRU _bNLR _gpsbo |
|
| 801 | 1 |
_aRU _bELAR _2rusmarc |
|
| 852 |
_aNLR _bЭ _jАлТ63/2-Г701 |
||
| 942 | _cBOOK | ||
| 980 | _aNB | ||